000 00372nam a2200133Ia 4500
008 240624s9999 xx 000 0 und d
041 _aeng
082 _a657 BHA
100 _aBHATTACHARYYA ASISH K
245 _aFINANCIAL ACCOUNTING FOR BUSINESS MANAGE
250 _a(2nd ed.)
260 _c2005
_aNew Delhi
_bPrentice-Hall of India
300 _axxiii, : 707 : p. : cm. ; 26
999 _c3327
_d3327